|
|
|
|
| LEADER |
00000nab a2200000 a 4500 |
| 001 |
vtls000515181 |
| 003 |
SK-MaSNL |
| 005 |
20260304094334.0 |
| 008 |
250425c1994 xo 0 slo |
| 015 |
|
|
|a SNBRB19rr/mm-uuuuu
|
| 035 |
|
|
|a CL0515319
|
| 035 |
|
|
|a urn:nbn:sk:snk-abalvz
|
| 035 |
|
|
|a (urnnbn)urn:nbn:sk:snk:ar-008fte
|
| 035 |
|
|
|a (uuid)957a1f1b-dba1-4843-b9f3-546bd6f4a3b0
|
| 040 |
|
|
|a SNKBUCL
|b slo
|c SNKBUCL
|e AACR2
|
| 041 |
0 |
|
|a slo
|
| 044 |
|
|
|a xo
|c SK
|
| 080 |
|
|
|a 616.831-007.43:616.211
|2 1981
|
| 080 |
|
|
|a 616.211
|2 1981
|
| 100 |
1 |
|
|a Levkuš, Peter
|4 aut
|9 986087
|
| 245 |
1 |
0 |
|a Niekoľko poznámok k problematike nazálnych encefalokél
|c Peter Levkuš, J. Výrostko
|
| 300 |
|
|
|b Res. angl., slov., lit. 13 zázn. v angl., češ., slov.
|
| 650 |
0 |
7 |
|a encefalokély nazálne
|2 snkbucl
|9 1390605
|
| 655 |
|
7 |
|a články z novín a časopisov
|2 snkbucl
|9 267496
|
| 700 |
1 |
|
|a Výrostko, J.
|4 aut
|9 828689
|
| 773 |
0 |
|
|t Česká a slovenská neurologie a neurochirurgie
|g Roč. 57/90, č. 1 (1994), s. 31-33
|x 0301-0597
|
| 850 |
|
|
|a Slovenská národná knižnica
|
| 852 |
|
|
|a Slovenská národná knižnica
|
| 954 |
|
|
|a odborná, vedecká literatúra pôvodná (slovenská)
|2 lita
|
| 958 |
|
|
|a article14
|
| 958 |
|
|
|a OND
|
| 958 |
|
|
|a NB
|
| 958 |
|
|
|a RK
|
| 958 |
|
|
|a MI
|
| 958 |
|
|
|a EUIPO
|
| 992 |
|
|
|a RBX
|
| 999 |
|
|
|c 2826749
|d 2828679
|